| 000 | 00623cam a22002173a 4500 | ||
|---|---|---|---|
| 001 | 45044 | ||
| 003 | PGUSA | ||
| 005 | 20140828084029.0 | ||
| 008 | 140228s2014||||xxu|||||s|||||000 | eng d | ||
| 040 |
_aPGUSA _beng |
||
| 042 | _adc | ||
| 100 | 1 | _aSouthworth, May E. | |
| 245 | 1 | 4 |
_aThe Great Small Cat and Others : _bSeven Tales _h[electronic resource] / _cMay E. Southworth |
| 260 |
_bProject Gutenberg, _c2014 |
||
| 506 | _aPublic domain in the USA. | ||
| 516 | _aElectronic text | ||
| 700 | 1 | _aLemos, Pedro J. | |
| 830 | 0 |
_aProject Gutenberg _v45044 |
|
| 856 | 4 | 0 | _uhttp://www.gutenberg.org/ebooks/45044 |
| 942 | _cEB | ||
| 999 |
_c274295 _d274295 |
||